000 00849nam a2200265Ia 4500
005 20220316235210.0
008 121119s1997 sp a 000 j und
020 _a8424623614
041 0 _aspa
100 1 _aAlcántara, Ricardo,
_d1946-
245 1 0 _aSinbarba y las gaviotas
_cRicardo Alcántara ; ilustrador, Roser Capdevila
250 _aPrimera edición
264 1 _aBarcelona
_bLa Galera
_c1997
300 _a16 páginas
_bilustraciones
336 _atexto
_btxt
_2rdacontent
337 _asin mediación
_bn
_2rdamedia
338 _avolumen
_bnc
_2rdacarrier
490 0 _aLos secretos del pirata
650 1 4 _2LEMB
_aCuentos infantiles uruguayos
650 1 4 _2LEMB
_aLiteratura infantil uruguaya
700 1 _aCapdevila, Roser
_eilustrador
_9116393
942 _2loc
_cBKLIT
040 _aCO-BoRNBP
_bspa
_erda
_cCO-BoRNBP
084 _aC ALC2
999 _c207
_d207